00401nam a2200133Ia 450000500170000000800410001702000150005808200130007310000170008624500340010326000400013730000130017750000770019020250627014700.0240331s9999 xx 000 0 und d a9552082862 bGUNa363 aGunarathne,C 0aShikshana rohale dina nawayak aColombobS. Godage & Brothersc2006 a136 p ., aA book on Nine Days at the teaching hospital - Through sociological eyes